00726 2200265 4500001002100000008004100021035002000062245010400082100001800186700001300204700002600217260004200243300002600285020002200311084001600333082001000349650001700359990001200376990001200388990001200400990001200412990001200424990001200436990001200448INLIS000000000015892 Ind  a0010-0323000340 aI Love SpiderscSteve Parker; pengalih bahasa, Safran Yusri; editor, Febriani, Jarvi Kurnia Lestari aPARKER, Steve aFEBRIANI aJARVI, Kurnia Lestari aJakarta :bBhuana Ilmu Populer,c2019 a24 hal.: ilus.c24 cm a978-623-216-432-1 a595.4 PAR i a595.4 aINVERTEBRATA a10744 a a10744 b a10744 c a10744 d a10744 e a10744 f a10744 g